| 000 | 00464nam a2200157Ia 4500 | ||
|---|---|---|---|
| 008 | 240729s9999 xx 000 0 und d | ||
| 022 | _a1802-7962 | ||
| 245 | 0 | _aCyberpsychology: Journal of Psychosocial Research on Cyberpspace | |
| 260 | _aCzechia | ||
| 260 | _bMasaryk University | ||
| 650 | _a Psychology | ||
| 650 | _aPhilosophy. Psychology. Religion | ||
| 856 | _uhttps://doaj.org/toc/2e7bd02a04d64df09b8748bbfbdacc86 | ||
| 942 | _2ddc | ||
| 942 | _cDOAJEJ | ||
| 999 |
_c65618 _d65618 |
||
| 945 |
_a1 _bMadushi Gamage _c1 _dMadushi Gamage |
||